Statistiques concernant Famille du roi lion

Cliquez ici pour prendre le quiz!

Statistiques générales

  • Ce quiz a été pris 64 fois
  • Le résultat moyen est 5 sur 9

Statistiques - réponses

Lien de famille ( en fonction de Simba)Nom% Correct
PèreMufasa
98%
OncleScar
96%
FemmeNala
92%
MèreSarabi
62%
FilleKiara
54%
GendreKovu
40%
Belle mèreSarafina
25%
FilsKion
19%
FilsKopa
6%

Distribution des résultats

Percentile par nombre de réponses

% des personnes avec chaque résultat

Votre développement - résultats

Vous n’avez pas pris ce quiz